000 01816nam a2200397 c 4500
003 BLK
005 20200221165609.0
008 180410b bul|||||r ||||||| ||bul||
010 _aKNG00170002000
020 _a978-954-8365-74-1
_bиздат.: Новата цивилизация
040 _aBLK
041 _aBUL
_cBUL
072 7 _2bullib
_aН35
_xОбществено управление. Военни науки Н
080 _a
_b352.071
_x(497.2)
_z352.071(497.2)
100 1 _aНейкова, Мария
_eпърви автор
_9371927
700 1 _aВоденичаров, Александър Асенов
_eнауч. ред.
_9381866
139 _aНейкова, Мария
_bН 48
245 1 0 _aДецентрализацията - основен фактор за повишаване на ефективността на управлението
_cМария Нейкова; науч. ред. Александър Асенов Воденичаров.
257 _aBGR
260 София
_bНовата цивилизация
_c2013
_fСофия : Вини 1837
300 _a152 с.
_bс табл., диагр.
_c21 см
380 _a3
500 _aПълното име на авт. е Мария Нейкова Кънева. - Именен показалец. - Библиогр. с. 110-117.
650 4 _aМестно управление - България
_9255783
651 4 _aБългария
_9241624
653 _aобщинско управление
653 _aдецентрализация
653 _aсамоуправление
653 _aуслуги
659 _aН
852 _aЦб 272373
856 4 _qpdf
_u
856 4 _qpdf
_u
942 _cKNG
_n0
_01
944 _aCR
_c23.01.2015
_lф /
_kВиолета_Тройчева
944 _aED
_c20.11.2015
_lф /
_kЛюдмила_Стоянова
999 _c162623
_d162623